• 首页
  • 本馆介绍
  • 公告通知
  • 最新文献
  • 馆藏检索
  • 电子资源
  • 读者导购
  • 参考咨询
  • 我的图书馆
  • 登录
  • 详细信息显示
  • 放入我的书架
  • 预约/预借图书
  • 作者相关作品
  • 分类相关作品
  • 丛书相关作品
  • 出版社相关作品

书目信息

  • 表格格式
  • 工作单格式
  • 卡片格式
题名:
闪击英雄
    
 
作者: 古德里安 著 ;戴耀先 译
分册:  
出版信息: 北京   民主与建设出版社  2015.8
页数: 491页
开本: 24cm
丛书名:
单 册:
中图分类: K835.165.2
科图分类:
主题词: 古德里安--gu de li an--回忆录 , 回忆录--hui yi lu
电子资源:
ISBN: 978-7-5139-0610-4
000 00945nam0 22002531 450
001 1761143778
005 20170619172040.0
010    @a978-7-5139-0610-4@dCNY48.00
100    @a20131217d2014 em y0chiy50 ea
101 0  @achi
102    @aCN@b110000
105    @ay z 000yy
106    @ar
200 1  @a闪击英雄@9shan ji ying xiong@f(德)古德里安著@g戴耀先译
210    @a北京@c民主与建设出版社@d2015.8
215    @a491页@d24cm
330    @a在《闪击英雄》这本战争回忆录中,古德里安以其亲身经历详细描述了德国装甲兵的组建、发展、作战史及其经验教训,介绍了他率领德国装甲部队吞并奥地利、捷克斯洛伐克、苏台德区的行动,以及对法、苏作战经过,并对第三帝国的领袖人物和德军统率机关进行了评论
606 0  @a古德里安@9gu de li an@x回忆录
606 0  @a回忆录@9hui yi lu
690    @aK835.165.2@v5
701  0 @a古德里安@9gu de li an@4著
702  0 @a戴耀先@9dai yao xian@4译
801  0 @aCN@b百万庄@c20170619
905    @b1014903-8@dK835.165.2@e857@f6
    
    闪击英雄/(德)古德里安著/戴耀先译.-北京:民主与建设出版社,2015.8
    491页;24cm
    
    
    ISBN 978-7-5139-0610-4:CNY48.00
    在《闪击英雄》这本战争回忆录中,古德里安以其亲身经历详细描述了德国装甲兵的组建、发展、作战史及其经验教训,介绍了他率领德国装甲部队吞并奥地利、捷克斯洛伐克、苏台德区的行动,以及对法、苏作战经过,并对第三帝国的领袖人物和德军统率机关进行了评论
●
相关链接 在E读中查询图书 在五车中查询图书 在当当中查询图书 在豆瓣中查询图书


正题名:闪击英雄     索取号:K835.165.2/857         预约/预借

序号 登录号 条形码 馆藏地/架位号 状态 备注
1 1014903   210149034   第二样本阅览室/ [索取号:K835.165.2/857] 在馆    
2 1014904   210149043   教育系资料室/ [索取号:K835.165.2/857] 在馆    
3 1014905   210149052   教育系资料室/ [索取号:K835.165.2/857] 在馆    
4 1014906   210149061   教育系资料室/ [索取号:K835.165.2/857] 在馆    
5 1014907   210149070   第二借阅区/ [索取号:K835.165.2/857] 在馆    
6 1014908   210149089   第二借阅区/ [索取号:K835.165.2/857] 在馆    
唐山师范学院图书馆 欢迎您!
大连网信软件有限公司© 版权所有